|
|
|
|
| LEADER |
00000nab a2200000 a 4500 |
| 001 |
vtls000689985 |
| 003 |
SK-MaSNL |
| 005 |
20260303194750.0 |
| 008 |
180207c1999 xo 0 slo |
| 015 |
|
|
|a SNBRB1999/05-11414
|
| 035 |
|
|
|a CLN000042152
|
| 040 |
|
|
|a SNKBUCL
|b slo
|c SNKBUCL
|e AACR2
|
| 041 |
0 |
|
|a slo
|
| 044 |
|
|
|a xo
|c SK
|
| 080 |
|
|
|a 2-051
|2 UDC-MRF-SK2
|
| 080 |
|
|
|a 25:659.443/.446
|2 UDC-MRF-SK2
|
| 100 |
0 |
|
|a Ján Pavol
|b II.,
|c pápež,
|d 1920-2005
|4 aut
|9 106999
|
| 245 |
1 |
0 |
|a Masmédiá - prostriedky novej evanjelizácie
|b Posolstvo Svätého Otca k 33. svetovému dňu spoločenských dorozumievacích prostriedkov 16. mája 1999 (7. veľkonočná nedeľa)
|c preložila Mária Spišiaková
|
| 300 |
|
|
|b Obr.
|
| 600 |
0 |
7 |
|a Ján Pavol
|b II.,
|c pápež,
|d 1920-2005
|2 snkbucl
|9 106999
|
| 630 |
0 |
7 |
|a cl
|2 snkbucl
|9 1227218
|
| 655 |
|
7 |
|a články z novín a časopisov
|2 snkbucl
|9 267496
|
| 773 |
0 |
|
|x 0139-8512
|t Katolícke noviny
|g Roč. 114, č. 20 (1999), s. 1 a 5-6
|
| 850 |
|
|
|a Slovenská národná knižnica v Martine
|
| 852 |
|
|
|a SNK
|b KIS3GCP
|
| 958 |
|
|
|a RBX
|
| 999 |
|
|
|c 2159421
|d 2161351
|